The noble scholar, jurist, historian


 His Excellency Dr. Abdul Wahhab bin Ibrahim Abu Sulaiman, may Allah have mercy on him.


 He was born in Umm Al-Qura in the year 1356 AH.

الأثر التعليمي لفن الرجز / (Record no. 4095)

MARC details
000 -LEADER
fixed length control field 00992cam a22002531i 4500
003 - CONTROL NUMBER IDENTIFIER
control field SA_RiAUC
005 - DATE AND TIME OF LATEST TRANSACTION
control field 20241230074854.0
008 - FIXED-LENGTH DATA ELEMENTS--GENERAL INFORMATION
fixed length control field 241227s2010____su f i000 0 ara c
040 ## - CATALOGING SOURCE
Original cataloging agency JO-IrCEJ
Language of cataloging ara
Transcribing agency SA-RiAUC
Description conventions rda
082 04 - DEWEY DECIMAL CLASSIFICATION NUMBER
Classification number 811.09009
090 ## - LOCALLY ASSIGNED LC-TYPE CALL NUMBER (OCLC); LOCAL CALL NUMBER (RLIN)
Classification number (OCLC) (R) ; Classification number, CALL (RLIN) (NR) 811.09009
Local cutter number (OCLC) ; Book number/undivided call number, CALL (RLIN) م ح ج
100 1# - MAIN ENTRY--PERSONAL NAME
Personal name محجوب، حسن محمد حسن
Relator term مؤلف.
245 12 - TITLE STATEMENT
Title الأثر التعليمي لفن الرجز /
Statement of responsibility, etc. حسن محمد حسن محجوب.
264 #1 - PRODUCTION, PUBLICATION, DISTRIBUTION, MANUFACTURE, AND COPYRIGHT NOTICE
Place of production, publication, distribution, manufacture مكة المكرمة :
Name of producer, publisher, distributor, manufacturer رابطة العالم الإسلامي، الإدارة العامة للإعلام والثقافة،
Date of production, publication, distribution, manufacture, or copyright notice 2010
300 ## - PHYSICAL DESCRIPTION
Extent 198 صفحة.
336 ## - CONTENT TYPE
Content type term نص
Content type code txt
Source rdacontent
Materials specified كتاب
337 ## - MEDIA TYPE
Media type term بدون وسيط
Media type code n
Source rdamedia
338 ## - CARRIER TYPE
Carrier type term مجلد
Carrier type code nc
Source rdacarrier
490 0# - SERIES STATEMENT
Series statement دعوة الحق ؛
Volume/sequential designation 241
500 ## - GENERAL NOTE
General note يشتمل على ملاحق.
650 #7 - SUBJECT ADDED ENTRY--TOPICAL TERM
Topical term or geographic name entry element الشعر العربي الحر
General subdivision تاريخ ونقد
Source of heading or term aucsh
942 ## - ADDED ENTRY ELEMENTS (KOHA)
Source of classification or shelving scheme Dewey Decimal Classification
Koha item type Books
Suppress in OPAC No
949 ## - LOCAL PROCESSING INFORMATION (OCLC)
a SA-JeALM
d 241227
u mohamedma123
n 1
Holdings
Withdrawn status Lost status Source of classification or shelving scheme Damaged status Not for loan Home library Current library Date acquired Total checkouts Full call number Barcode Date last seen Price effective from Koha item type
    Dewey Decimal Classification     DR AbdElwahab Library DR AbdElwahab Library 12/30/2024   811.09009 م ح ج 000006960 12/30/2024 12/30/2024 Books